000 00628cam a22002171 4500
001 he 65000179
003 DLC
005 20260227111428.0
008 831214s1964 is 000 0 heb
010 _ahe 65000179
035 _a(OCoLC)19145488
040 _aDLC
_cMH
_dDLC
042 _apremarc
050 0 0 _aKMK517
_b.A938 1964
100 1 _aAllony, Shulamit.
245 1 0 _aZekhuyot ha-yeled be-ḥuke medinat Yisraʼel.
260 _a[Tel-Aviv] :
_bTarbut ṿe-ḥinukh,
_c724 [1964]
300 _a298 p. :
_bill. port. ;
_c22 cm.
650 0 _aChildren
_xLegal status, laws, etc.
_zIsrael.
752 _aIsrael
_dTel Aviv
999 _c30885
_d30885